000
00218nam a2200097Ia 4500
008
190216s9999||||xx |||||||||||||| ||und||
100
_a
Sevarkey
245
0
_a
Soura Boudhikam
260
_b
Kerala Basha Inst
942
_c
BK
999
_c
40239
_d
40239